| 000 | 00718nam a2200229 a 4500 | ||
|---|---|---|---|
| 001 | 000020207 | ||
| 005 | 20200929170320.0 | ||
| 008 | 100727s1943 ag 001 f spa d | ||
| 040 |
_aDO-SdBNP _bspa _cBNPHU |
||
| 082 |
_a833.91 _bS176b |
||
| 100 | 1 |
_aSalten, Félix, _d1869-1945 _942800 |
|
| 245 | 1 | 0 |
_aBambi / _cFélix Salten ; traducción de Sigifredo Krebs ; prólogo de Juan Galsworthy. |
| 260 |
_aBuenos Aires, Argentina : _bEspasa-Calpe Argentina, _c1943. |
||
| 300 |
_a178 p. ; _c18 cm. |
||
| 490 | 1 |
_aAustral _v371 |
|
| 500 | _aIncluye índice de autores. | ||
| 650 | 4 |
_aNovela austriaca _912863 |
|
| 650 | 4 |
_aLiteratura austriaca _94014 |
|
| 830 | 0 |
_aAustral; _v371 _93065 |
|
| 910 | _aWM | ||
| 049 | _aBNGR | ||
| 999 |
_c19714 _d19714 |
||